Pop Internationalism
Na minha lista:
| Autor principal: | |
|---|---|
| Formato: | Livro |
| Idioma: | inglês |
| Publicado em: |
Cambridge
<The> MIT Press
1998
|
| Assuntos: | |
| Tags: |
Sem tags, seja o primeiro a adicionar uma tag!
|
MARC
| LEADER | 00000nam a2200000 4500 | ||
|---|---|---|---|
| 001 | 0257153 | ||
| 005 | 20240111125025.4 | ||
| 020 | |a 0-262-61133-3 | ||
| 020 | |a 0-262-11210-8 | ||
| 041 | 0 | |a eng | |
| 044 | |a US | ||
| 245 | 1 | 0 | |a Pop Internationalism |c Paul Krugman |
| 264 | 1 | |a Cambridge |b <The> MIT Press |c 1998 | |
| 300 | |a 221 s. | ||
| 610 | 2 | 0 | |a konkurencieschopnosť |
| 610 | 2 | 0 | |a miesta pracovné |
| 610 | 2 | 0 | |a mzdy |
| 610 | 2 | 0 | |a obchod medzinárodný |
| 610 | 2 | 0 | |a teórie ekonomické |
| 610 | 2 | 0 | |a konvencie |
| 610 | 2 | 0 | |a technológie nové |
| 610 | 2 | 0 | |a spoločnosť |
| 610 | 2 | 0 | |a hospodárstvo svetové |
| 610 | 2 | 0 | |a vzťahy hospodárske medzinárodné |
| 100 | 1 | |a Krugman, Paul | |